| 000 | 01173nam a2200289 a 4500 | ||
|---|---|---|---|
| 001 | 000022774 | ||
| 005 | 20200930021805.0 | ||
| 008 | 101117s1967 ag abcf r 001 0 spa d | ||
| 040 |
_aDO-SdBNP _bspa _cBNPHU |
||
| 041 | 1 | 7 |
_aesp _heng _2Código de idioma MARC |
| 082 |
_a330.973 _bR649h, 1967 |
||
| 100 | 1 |
_aRobertson, Ross M., _946788 |
|
| 240 | 1 | 0 |
_aHistory of the american economy. _lEspañol. |
| 245 | 1 | 0 |
_aHistoria de la economia norteamericana / _cRoss M. Robertson ; traducción de Juan R. Bach ; revisión de Enrique F. Savransky. |
| 250 | _a2a ed. | ||
| 260 |
_aArgentina : _bBibliográfica Argentina, _c1967. |
||
| 300 |
_a475 p. : _bil., retrs., mapas, fasc. ; _c20 cm. |
||
| 490 | 1 |
_aAmérica de letras _v50 |
|
| 504 | _aIncluye referencias bibliográficas y notas al pie de las páginas. | ||
| 534 |
_pTítulo original en inglés: _tHistory of the american economy. _cNueva York : Harcourt, Brace and World, 1964. |
||
| 500 | _aIncluye índice | ||
| 650 | 4 |
_aEconomía _xHistoria _zEstados Unidos _946789 |
|
| 700 | 1 |
_aBach, Juan R., _etr. _946790 |
|
| 700 | 1 |
_aSavransky, Enrique F., _946791 |
|
| 830 | 0 |
_aAmérica de letras ; _v50 _946792 |
|
| 049 | _aBNGR | ||
| 999 |
_c22271 _d22271 |
||